banner-ar

الديمقراطية فى السودان البعد التاريخى والوطن الراهن وافاق المستقبل : ابحاث ندوة تقييم التجارب الديمقراطية فى السودان القاهرة. 4 ـ 6 يوليو 1993 / (Record no. 54475)

MARC details
000 -الفاتح
حقل البيانات ثابتة الطول 01068nam a2200229Ia 4500
008 - عناصر البيانات ثابتة الطول - معلومات عامة
حقل البيانات ثابتة الطول 140319s9999 xx 000 0 ara d
040 ## - مصدر الفهرسة
وكالة الفهرسة الأصلية GCL /
وكالة النسخ GCL
082 04 - رقم تصنيف ديوى العشرى
رقم التصنيف 962.45
رقم المادة م د
100 1# - المدخل الرئيسى - إسم شخصى
الإسم الشخصى مركز الدراسات السودانية
245 10 - بيان العنوان
العنوان الديمقراطية فى السودان البعد التاريخى والوطن الراهن وافاق المستقبل : ابحاث ندوة تقييم التجارب الديمقراطية فى السودان القاهرة. 4 ـ 6 يوليو 1993 /
بيان المسئوليه,etc مركز الدراسات السودانية
700 1# - المدخل الاضافى - اسم شخصى
الإسم الشخصى مركز الدراسات السياسية والاستراتيجية
260 ## - PUBLICATION, DISTRIBUTION, ETC. (IMPRINT)
تاريخ النشر أو التوزيع 1993
300 ## - الوصف المادى
التعداد 498 ص
490 ## - بيان السلسلة
عنوان السلسلة مركز الدراسات السياسية والاستراتيجية
رقم المجلد/ التعيين التسلسلي 0
650 04 - المدخل الاضافى بالموضوع-مصطلح موضوعى
مصطلح موضوعي الاحوال السياسية
650 04 - المدخل الاضافى بالموضوع-مصطلح موضوعى
مصطلح موضوعي السودان
650 04 - المدخل الاضافى بالموضوع-مصطلح موضوعى
مصطلح موضوعي تاريخ حديث
650 04 - المدخل الاضافى بالموضوع-مصطلح موضوعى
مصطلح موضوعي الديمقراطية
650 04 - المدخل الاضافى بالموضوع-مصطلح موضوعى
مصطلح موضوعي الاحزاب السياسية
942 ## - عناصر المدخل الإضافي( كوها)
مصدر التصنيف او مخطط الترفيف Dewey Decimal Classification
Koha [default] item type كتاب
260 ## - PUBLICATION, DISTRIBUTION, ETC. (IMPRINT)
-- [S.N] :
-- مركز الدراسات السودانية ،
Holdings
حالة التراجع حالة الفقد حالة تلف ليس للاعارة المكان المؤقت الموقع الحالى تاريخ الاكتساب اجمالي اﻻعارات رقم الطلب الباركود تاريخ اخر مشاهدة تاريخ تفعيل السعر نوع وعاء كوها
        مكتبة القاهرة الكبرى مكتبة القاهرة الكبرى 03/26/2014   962.45\م د 131019 03/26/2014 03/26/2014 كتاب
        مكتبة القاهرة الكبرى مكتبة القاهرة الكبرى 03/26/2014   962.45\م د 131020 03/26/2014 03/26/2014 كتاب

Powered By

EGPV